|
|
|
|
| LEADER |
00000nam0a2200000 4500 |
| 001 |
287208 |
| 005 |
20231101235951.0 |
| 035 |
|
|
|a (RuTPU)RU\TPU\book\311586
|
| 090 |
|
|
|a 287208
|
| 100 |
|
|
|a 20150313d1985 k y0rusy50 ca
|
| 101 |
0 |
|
|a rus
|
| 102 |
|
|
|a RU
|
| 105 |
|
|
|a a z 001zy
|
| 200 |
1 |
|
|a Строение земной коры Исландии по сейсмическим данным
|f С. М. Зверев [и др.]
|
| 210 |
|
|
|a Москва
|c Изд-во Междуведомственного геофизического комитета
|d 1985
|
| 215 |
|
|
|a 220 с.
|c ил.
|
| 225 |
1 |
|
|a Результаты исследования по международным геофизическим проектам
|
| 320 |
|
|
|a Библиогр.: с. 212-216
|
| 606 |
1 |
|
|a Земная кора
|x Сейсмичность
|2 stltpush
|3 (RuTPU)RU\TPU\subj\11789
|9 38687
|
| 610 |
1 |
|
|a строение
|
| 610 |
1 |
|
|a Исландия
|
| 610 |
1 |
|
|a сейсмические данные
|
| 610 |
1 |
|
|a геолого-геофизические данные
|
| 610 |
1 |
|
|a аппаратура
|
| 610 |
1 |
|
|a кора
|
| 610 |
1 |
|
|a преломленные волны
|
| 675 |
|
|
|a 551.1:550.34
|v 4
|
| 701 |
|
1 |
|a Зверев
|b С. М.
|
| 701 |
|
1 |
|a Литвиненко
|b И. В.
|
| 701 |
|
1 |
|a Лизинский
|b М. Д.
|
| 701 |
|
1 |
|a Павленкова
|b Н. И.
|
| 701 |
|
1 |
|a Ярошевская
|b Г. А.
|
| 801 |
|
1 |
|a RU
|b 63413507
|c 20150313
|
| 801 |
|
2 |
|a RU
|b 63413507
|c 20170703
|g RCR
|
| 942 |
|
|
|c BK
|